Prehľad hospodárskeho vývoja na Slovensku v rokoch 1918-1945
Salvato in:
| Autore principale: | |
|---|---|
| Altri autori: | |
| Natura: | Libro |
| Lingua: | slovacco |
| Pubblicazione: |
Bratislava
Vydavateľstvo politickej literatúry
1969
|
| Tags: |
Nessun Tag, puoi essere il primo ad aggiungerne!!
|
MARC
| LEADER | 00000nam a2200000 4500 | ||
|---|---|---|---|
| 001 | c131814 | ||
| 005 | 20230116121352.8 | ||
| 041 | 0 | |a slo | |
| 044 | |a SK | ||
| 245 | 1 | 0 | |a Prehľad hospodárskeho vývoja na Slovensku v rokoch 1918-1945 |c Jozef Faltus, Václav Průcha |
| 264 | 1 | |a Bratislava |b Vydavateľstvo politickej literatúry |c 1969 | |
| 300 | |a 413 s. |e 6 tab. príl. | ||
| 100 | 1 | |a Faltus, Jozef | |
| 700 | 1 | |a Průcha, Václav | |